[Event "Ostersund Storsjodraget op"]
[Site "Ostersund"]
[Date "2024.06.16"]
[Round "7"]
[White "Sundell, Hugo"]
[Black "Adolfsson, Daniel"]
[Result "1/2-1/2"]
[WhiteElo "1760"]
[BlackElo "1824"]
[PlyCount "80"]
[EventDate "2024.06.14"]
[EventType "swiss"]
[EventRounds "7"]
[EventCountry "SWE"]
[SourceTitle "CBM 220 Extra"]
[Source "ChessBase"]
[SourceDate "2024.07.31"]
[SourceVersion "1"]
[SourceVersionDate "2024.07.31"]
[SourceQuality "1"]

1. c4 e6 2. Nf3 d5 3. d4 c6 4. g3 f5 5. Bg2 Bd6 6. 0-0 Nf6 7. Nc3 0-0 8. b3 Bd7 9. Na4 Ne4 10. Nb2 Be8 11. Nd3 Nd7 12. Bb2 Bh5 13. Nfe5 Rb8 14. Rc1 g5 15. cxd5 exd5 16. f4 Qe7 17. Qe1 h6 18. e3 Rbe8 19. Kh1 Kh7 20. Nf2 Ndf6 21. Nxe4 fxe4 22. h3 gxf4 23. gxf4 Rg8 24. Rg1 Rg7 25. Kh2 Reg8 26. Qd2 Rg3 27. Ng4 R3xg4 28. hxg4 Nxg4+ 29. Kg3 Ne5+ 30. Kf2 Nd3+ 31. Kf1 Nxc1 32. Bxc1 Qg7 33. Qf2 Qg4 34. Bxe4+ dxe4 35. Rxg4 Bxg4 36. Qh4 Rg7 37. d5 Be7 38. Qe1 Bh3+ 39. Ke2 Bg4+ 40. Kf1 Bh3+ 1/2-1/2